00630nam a2200181 i 450000100060000000300090000600500170001500700030003200800410003510000270007624500930010325000130019626000510020930000260026085200210028699900170030795201240032446319ES-MaACL20230906161349.0t|030328s1837 be ||||1| fre d1 aComte, Charles.94005810aTraité de législation ou exposition des lois générales... / cpar Charles Comte. a3eme ed. aBruxelles : bHauman, Cattoir et Cie., c1837. aXV, 524 p. ; c24 cm. aES-MaACLjG-9570 c46319d46319 001040708LIBXIXaATENEOMbATENEOMcSPP3d2008-01-17eSCl0oG-9570p1048717r2023-02-23 00:00:00w2023-02-23yMONANT